000 00463nam a2200181Ia 4500
001 14335
005 20250626030255.0
008 211022s9999 xx 000 0 und d
020 _a9789887710974
082 _a746 CHO
100 _aChow, Sara
245 4 _aThe fashion business manual : an illustrated guide to building a fashion brand
260 _aHong Kong
260 _bFashionary International Ltd,
260 _c2018
300 _a215 p
942 _cBK
999 _c9609
_d9609